000 02014cam a22004455a 4500
001 e158816
008 100119s2010 xxko f 001 0 eng d
020 _a9781900915526
035 _a(Sirsi) u158816
041 0 _aeng
050 0 4 _a690.241 $2 18
110 2 _aCathedral Communications Limited
_93087
245 0 0 _aHistoric churches
_bthe conservation and repair of ecclesiastical buildings
_h[electronic resource]
250 _a17th ed.
260 _aTisbury
_bCathedral Communications
_c2010
300 _a56p.
_bcol. ill.
_c30cm.
490 0 _aBuilding Conservation Directory Special Report
505 2 _aReformation, iconoclasm and restoration -- Historic church preservation in the US -- Necessary protection or undue interference? -- Making the most of quinquennials -- Protecting lead roofs from theft -- The limits of lime -- Seeing and believing -- Northern lights -- John Coates Carter -- Mind the gap -- Organ builders & restorers map -- Useful addresses -- Products and services -- Index of advertisers
520 _aDiscusses issues, building techniques and materials relevant to the conservation and repair of churches. Includes a directory of useful organisations, products and services.
521 2 _aAdvanced
590 _aKA
651 4 _aUnited Kingdom
_y
690 _aBUILT ENVIRONMENT-BUILDING MAINTENANCE AND REFURBISHMENT-BUILDING RESTORATION
700 1 _aBrown, Sarah
_96070
700 1 _aForrest, Tuomi Joshua
700 1 _aCowley, Page
700 1 _aMacKechnie-Jarvis, Jonathan
700 1 _aLivesey, Jon
700 1 _aHarding, Paul
700 1 _aGiles, Kate
700 1 _aMasinton, Anthony
700 1 _aArnott, Geoff
700 1 _aMetcalfe-Gibson, Jemma
700 1 _aPhil, Thomas
700 1 _aBoulting, David
700 1 _aTaylor, Jonathan
710 2 _aBuilding Conservation Directory
_93988
856 4 1 _uhttps://www.buildingconservation.com/articles/allarticles.htm
_zView the articles at www.buildingconservation.com
942 _n0
_2ddc
999 _c115517
_d115517